003660000a22001090004500090001700000245011900017041001400136100003600150942001300186773004000199999001700239 aASbSeriadas10aAspectos reproductivos del camarón Xiphopenaeus Kroyeri () en costa Verde, Cienega ()0 aEspañol1 aCortés, Martha Lucía999240 cARTICULO1 tCaldasia345h79q513-518d1991g16 c14427d14427